Statistiques concernant Les Simpson - S01E07 : L'Abominable Homme des bois

Cliquez ici pour prendre le quiz!

Statistiques générales

  • Ce quiz a été pris 4 fois
  • Le résultat moyen est 5 sur 10

Statistiques - réponses

QuestionRéponse% Correct
Quel est le repas préféré de Bigfoot selon Marge ?les côtes de porc
100%
De quel achat effectué par Flanders Homer est-il jaloux ?un camping-car
100%
À quel prix le vendeur lui propose-t-il de l'acheter par crédit ?300 $ / mois
67%
Que finit par manger Homer ?du miel dans une ruche d'abeilles
67%
De quelle couleur est exceptionnellement le pyjama de Maggie dans cet épisode ?violet
67%
Quel est le nom du vendeur auprès de qui Homer achète la même chose que Flanders ?Bob
33%
Quels animaux tournent autour de la famille après leur accident ?des vautours
33%
Quel animal Homer tente-t-il d'attraper pour le repas ?un lapin
33%
Avec combien d'ours Maggie dort-elle ?4
0%
Quelle émission la chaîne de télé a-t-elle interrompu pour diffuser la vidéo amateur sur Bigfoot ?une allocution présidentielle
0%

Distribution des résultats

Percentile par nombre de réponses

% des personnes avec chaque résultat

Votre développement - résultats

Vous n’avez pas pris ce quiz